Normal view
MARC view
- Zanariah Yahaya
Entry Personal Name
001 - CONTROL NUMBER
- control field: 2549
003 - CONTROL NUMBER IDENTIFIER
- control field: OSt
005 - DATE AND TIME OF LATEST TRANSACTION
- control field: 20170509092619.0
008 - FIXED-LENGTH DATA ELEMENTS
- fixed length control field: 170509|| aca||aabn | a|a d
040 ## - CATALOGING SOURCE
- Original cataloging agency: OSt
- Transcribing agency: OSt
100 ## - HEADING--PERSONAL NAME
- Personal name: Zanariah Yahaya
670 ## - SOURCE DATA FOUND
- Source citation: Work cat.: (OSt)0: Nursi, Said, 1873-1960 2547, Mukjizat-mukjizat Rasulullah S.A.W /, 1994

PORTAL AKMAL
E-MEL JKDM
AKMAL2U
G-BAM
u-PUSTAKA